| 000 | 01041nam a22003257a 4500 | ||
|---|---|---|---|
| 003 | CHAP | ||
| 005 | 20220817042639.0 | ||
| 008 | 971013s1981 nyua r 00010 eng d | ||
| 010 | _a50927 | ||
| 011 | _a51899 | ||
| 035 | _a56049 | ||
| 040 | _cCHAP | ||
| 082 | 0 | 4 |
_a517 _bV6 |
| 100 | 1 | _aVoxman, William L. | |
| 245 | 1 | 0 |
_aAdvanced calculus : _ban introduction to moden analysis _c/por William L. Voxman |
| 260 |
_aNew York : _bDekker, _c1981 |
||
| 300 |
_a678 p. : _bgráfs. |
||
| 490 |
_aPure and applied mathematics _v; 63 |
||
| 590 |
_aBATCH-UPD _b10 _c20130110 _lUCH01 _h0556 |
||
| 590 |
_aBATCH-UPD _b10 _c20130110 _lUCH01 _h2311 |
||
| 590 |
_aBATCH-UPD _b10 _c20130410 _lUCH01 _h0237 |
||
| 590 |
_aBATCH-UPD _b10 _c20130914 _lUCH01 _h0951 |
||
| 590 |
_aCONVERSION _b10 _c20130109 _lUCH01 _h1328 |
||
| 650 | 1 | 4 |
_aCálculo. _923990 |
| 700 | 0 |
_aGoetschel, Roy H. _948516 |
|
| 830 | 0 |
_aPure and applied mathematics _v; 63 _993043 |
|
| 901 | _aBK | ||
| 942 | _cLIBRO | ||
| 949 |
_a517 V6 _bBC _cLIBRO _d33724000129011 _eLIBRO _h56953 _i56049 _si _t3.95 |
||
| 999 |
_c50927 _d50927 |
||